| 000 | 00943cam a2200289 i 4500 | ||
|---|---|---|---|
| 003 | DO-SdBNP | ||
| 005 | 20231005100903.0 | ||
| 007 | ta | ||
| 008 | 751003s2013 sp 001 f spa d | ||
| 020 | _a9788415462071 | ||
| 040 |
_aDO-SdBNP _bspa _cBNPHU _erda |
||
| 082 |
_bL269 _222 |
||
| 100 |
_aLang, Andrew, _d1844-1912 _95245 |
||
| 240 | 1 | 0 |
_aTales of Troy and Greece _lEspañol |
| 245 | 1 | 0 |
_aCuentos de Troya y Grecia / _cAndrew Lang ; traducción Carlos Ezquerra |
| 264 | 1 |
_aBarcelona, España : _bErasmus, _c2013. |
|
| 300 |
_a209 páginas _c24 cm. |
||
| 336 |
_2rdacontent _atexto _btxt |
||
| 337 |
_2rdamedia _asin mediación _bn |
||
| 338 |
_2rdacarrier _avolumen _bnc |
||
| 490 | 1 |
_aClásicos en el presente _v35 |
|
| 500 | _aIncluye datos biográficos del autor en la solapa de la portada. | ||
| 590 | _aInventariado, 2023/ YL | ||
| 700 | 1 |
_aEzquerra, Carlos _etraducción _942669 |
|
| 910 | _aYlockward | ||
| 942 |
_2ddc _cLBS1 |
||
| 999 |
_c55088 _d55088 |
||